000 00412nab a22001097u 4500
008 130520b2010 xxu||||| |||| 00| 0 spa d
041 _aspa
100 1 _aCarriedo Tejedo, Manuel
_967731
245 0 0 _aUna carta gallega del año 883: ¿Redactada por el autor de la crónica albeldense?
_cManuel Carriedo Tejedo
773 0 _tEstudios Mindonienses
_gV.26, nº26,2010,págs. 551-587
_x0213-4357
_wRev196
942 _cAR
999 _c415150
_d415150